Fluid Mechanics, 3rd Ed (Record no. 267026)
[ view plain ]
| 000 -LEADER | |
|---|---|
| fixed length control field | 00344 a2200145 4500 |
| 001 - CONTROL NUMBER | |
| control field | 31953 |
| 082 ## - DEWEY DECIMAL CLASSIFICATION NUMBER | |
| Classification number | 620.106WHI |
| 090 ## - LOCALLY ASSIGNED LC-TYPE CALL NUMBER (OCLC); LOCAL CALL NUMBER (RLIN) | |
| -- | 21477 |
| -- | 21477 |
| 100 ## - MAIN ENTRY--PERSONAL NAME | |
| Personal name | White Frank M |
| 245 ## - TITLE STATEMENT | |
| Title | Fluid Mechanics, 3rd Ed |
| Statement of responsibility, etc. | Frank M White |
| 250 ## - EDITION STATEMENT | |
| Edition statement | 3 |
| 260 ## - PUBLICATION, DISTRIBUTION, ETC. | |
| Place of publication, distribution, etc. | N.Y |
| Name of publisher, distributor, etc. | McGraw-Hill |
| Date of publication, distribution, etc. | 1994 |
| 300 ## - PHYSICAL DESCRIPTION | |
| Extent | xv, 736 p. |
| 500 ## - GENERAL NOTE | |
| General note | BE textbook Aerospace |
| 942 ## - ADDED ENTRY ELEMENTS (KOHA) | |
| Institution code [OBSOLETE] | NUST-CAE |
| Call number prefix | 620.106WHI |
| Withdrawn status | Lost status | Damaged status | Not for loan | Collection code | Permanent Location | Current Location | Date acquired | Total Checkouts | Full call number | Barcode | Date last seen | Price effective from | Koha item type |
|---|---|---|---|---|---|---|---|---|---|---|---|---|---|
| College of Aeronautical Engineering (CAE) | College of Aeronautical Engineering (CAE) | 04/03/2017 | 620.106WHI | CAE71300 | 04/05/2017 | 04/05/2017 | Book |
